000 00617nam a2200193Ia 4500
003 GCL
008 140319s9999 xx 000 0 ara d
040 _aGCL /
_cGCL
082 0 4 _a910.0234
_bا ب
100 1 _aالسيد عبدالعزيز سالم
245 1 0 _aالبحر الاحمر فى التاريخ الاسلامى /
_cالسيد عبدالعزيز سالم
260 _a[S.N] :
_bمؤسسة شباب الجامعة ،
_c1993
300 _a252 ص
490 _a
650 0 4 _aالتاريخ الاسلامى
650 0 4 _aالجغرافيا
650 0 4 _aالبحر الاحمر
942 _2ddc
_cBK
999 _c30738
_d30738